| 000 | 01287nam a2200253Ia 4500 | ||
|---|---|---|---|
| 999 |
_c56396 _d56396 |
||
| 001 | 23509 | ||
| 003 | GE_BSU | ||
| 005 | 20260216172615.0 | ||
| 008 | 181216s1980||||ge |||||||||||||| ||geo|| | ||
| 040 | _cGE_BSU | ||
| 041 | _ageo | ||
| 080 | _a94(479.22)"1783-1801პ-14 | ||
| 100 |
_aპაიჭაძე, გიორგი _926186 |
||
| 245 |
_aგეორგიევსკის ტრაქტატი და მისი მნიშვნელობა / _cგიორგი პაიჭაძე ; რედ.: ლ. ქელბაქიანი ; მხატვ.: ზ. აფანასიევი. |
||
| 264 |
_aთბილისი : _bსაბჭ. საქართველო, _c1980. |
||
| 300 |
_a87გვ. ; _c16 სმ. |
||
| 541 | _h0,20 | ||
| 653 | _aგეორგიევსკის ტრაქტატი და მისი მნიშვნელობა | ||
| 653 | _aსაქართველოს შეერთება რუსეთთან | ||
| 653 | _aგეორგიევსკის ტრაქტატი | ||
| 700 |
_aლბაქიანი, ლ. _eრედაქტორი _926900 |
||
| 700 |
_aაფანასიევი, ზ. _eმხატვარი _926901 |
||
| 942 |
_cBK _2udc |
||